| 000 | 00405nam a22001577a 4500 | ||
|---|---|---|---|
| 003 | OSt | ||
| 005 | 20150916112117.0 | ||
| 008 | 150916b xxu||||| |||| 00| 0 eng d | ||
| 040 | _cRUA | ||
| 082 | _aAGR MOK 2003 B029 Or.1 | ||
| 100 |
_9586 _aMOK KARONA |
||
| 245 | _aTechniques of growing bamboo in svay rieng province | ||
| 260 |
_aphnom penh _bRUA _c2003 |
||
| 300 |
_a56p. _cill. _g29cm. |
||
| 942 |
_2ddc _cAGR |
||
| 999 |
_c564 _d564 |
||